[Event "AUTO-OPEN-1739"]
[Site "http://www.queenalice.com/game.php?id=673408"]
[Date "2009.10.27"]
[Round "1"]
[White "mat95"]
[Black "merth"]
[Result "0-1"]
[WhiteElo "1982"]
[BlackElo "2016"]

1. Nf3 d5 2. d4 Nf6 3. g3 g6 4. Bg2 Bg7 5. O-O O-O 6. Nbd2 Nbd7 7. c4 e6 8. a3
c5 9. b4 cxd4 10. Nxd4 dxc4 11. Nxc4 Nd5 12. Bb2 N7b6 13. Nxb6 Qxb6 14. e3 Bd7
15. Rc1 Rac8 16. Qb3 Ne7 17. Rfd1 Rxc1 18. Rxc1 Rc8 19. Rxc8+ Nxc8 20. Qc2 Ne7
21. Nb3 Ba4 22. Bxg7 Bxb3 23. Qb2 Nf5 24. Bh8 Qd6 25. h3 Qf8 26. Qxb3 Kxh8 27.
Bxb7 Nd6 28. Bg2 Qc8 29. Qd3 Qc7 30. Qd4+ Kg8 31. Kh2 Nb5 32. Qb2 h5 33. a4 Nd6
34. Bf1 h4 35. b5 Ne4 0-1

[Event "AUTO-OPEN-1739"]
[Site "http://www.queenalice.com/game.php?id=673433"]
[Date "2009.10.27"]
[Round "1"]
[White "josecastroman"]
[Black "mat95"]
[Result "1-0"]
[WhiteElo "1889"]
[BlackElo "1759"]

1. e4 c5 2. Nf3 d6 3. a3 Nf6 4. Nc3 g6 5. Bc4 Bg7 6. h3 O-O 7. d3 Nc6 8. Bg5 a6
9. Qd2 b5 10. Ba2 Bb7 11. O-O-O b4 12. axb4 cxb4 13. Na4 Qa5 14. b3 Nd7 15. d4
Nb6 16. Nxb6 Qxa2 17. Qd3 Rac8 18. Nxc8 Rxc8 19. Kd2 Qa5 20. Ra1 Qc7 21. Rac1 e5
22. d5 Nd4 23. Nxd4 exd4 24. Rhd1 Qc3+ 25. Qxc3 dxc3+ 26. Ke2 a5 27. Ra1 Ra8 28.
Ra4 Ba6+ 29. Kf3 Bb5 30. Raa1 h6 31. Be3 a4 32. bxa4 Rxa4 33. Rxa4 Bxa4 34. Rc1
Kf8 35. Bb6 Ke7 36. Ba5 b3 37. cxb3 Bxb3 38. Bxc3 Bxc3 39. Rxc3 Ba4 40. Ke3 Bd7
41. f4 f6 42. g4 f5 43. gxf5 gxf5 44. e5 dxe5 45. fxe5 1-0

[Event "AUTO-OPEN-1739"]
[Site "http://www.queenalice.com/game.php?id=673434"]
[Date "2009.10.27"]
[Round "1"]
[White "mat95"]
[Black "josecastroman"]
[Result "1-0"]
[WhiteElo "1967"]
[BlackElo "1890"]

1. Nf3 Nc6 2. d4 d5 3. g3 h6 4. Bg2 Bf5 5. O-O Nf6 6. Nbd2 Qd7 7. e3 Bg4 8. c4
Ne4 9. Qc2 Nxd2 10. Bxd2 dxc4 11. Qxc4 e6 12. b4 Bd6 13. a4 O-O 14. Bc3 a6 15.
d5 Bxf3 16. Bxf3 exd5 17. Qxd5 Rae8 18. Rfd1 Qe6 19. Qxe6 Rxe6 20. b5 axb5 21.
axb5 Nd8 22. Rdb1 b6 23. Bb4 Bxb4 24. Rxb4 Rfe8 25. Ra7 R6e7 26. Rc4 Ne6 27. Bc6
Rd8 28. h4 Nc5 29. Rd4 Rxd4 30. exd4 Nb3 31. d5 Nc5 32. Kg2 f5 33. d6 1-0

[Event "AUTO-OPEN-1739"]
[Site "http://www.queenalice.com/game.php?id=673449"]
[Date "2009.10.27"]
[Round "1"]
[White "alexsandrob3478"]
[Black "mat95"]
[Result "0-1"]
[WhiteElo "1337"]
[BlackElo "1901"]

1. d4 Nf6 2. c4 c5 3. Nf3 cxd4 4. Nxd4 Nc6 5. e3 g6 6. Nc3 Bg7 7. Be2 O-O 8. O-O
d6 9. Nxc6 bxc6 10. Qc2 Bb7 11. Bf3 Qc7 12. Rb1 a5 13. e4 e5 14. Bg5 h6 15. Be3
Rad8 16. Na4 Qe7 17. c5 d5 18. b4 d4 19. Bd2 Ba6 0-1

[Event "AUTO-OPEN-1739"]
[Site "http://www.queenalice.com/game.php?id=673450"]
[Date "2009.10.27"]
[Round "1"]
[White "mat95"]
[Black "alexsandrob3478"]
[Result "1-0"]
[WhiteElo "1903"]
[BlackElo "1337"]

1. Nf3 Nf6 2. d4 d5 3. g3 g6 4. Bg2 Bg7 5. O-O O-O 6. Nbd2 Bf5 7. Nh4 Qd7 8.
Nxf5 Qxf5 9. c4 c6 10. b3 Nbd7 11. Bb2 dxc4 12. e4 Qh5 13. bxc4 Qxd1 14. Rfxd1
Rfe8 15. f4 Ng4 16. Re1 c5 17. Nb3 Rac8 18. h3 Ngf6 19. d5 b6 20. e5 1-0

[Event "AUTO-OPEN-1591"]
[Site "http://www.queenalice.com/game.php?id=675892"]
[Date "2009.11.1"]
[Round "2"]
[White "marcao"]
[Black "mat95"]
[Result "0-1"]
[WhiteElo "1670"]
[BlackElo "1978"]

1. d4 Nf6 2. Nc3 g6 3. Bg5 Bg7 4. e3 O-O 5. Nf3 d6 6. Bb5 c6 7. Ba4 Nbd7 8. O-O
Qc7 9. a3 e5 10. dxe5 dxe5 11. e4 Nc5 12. b3 b5 13. b4 Nxa4 14. Nxa4 bxa4 15. c3
Nxe4 16. Bd2 Bg4 0-1

[Event "AUTO-OPEN-1591"]
[Site "http://www.queenalice.com/game.php?id=675893"]
[Date "2009.11.1"]
[Round "2"]
[White "mat95"]
[Black "marcao"]
[Result "1-0"]
[WhiteElo "1974"]
[BlackElo "1674"]

1. Nf3 d5 2. d4 Nc6 3. g3 Bg4 4. Bg2 Qc8 5. Nbd2 Bh3 6. O-O Bxg2 7. Kxg2 Nf6 8.
c4 e6 9. b3 Bb4 10. Bb2 O-O 11. a3 Bd6 12. Qc2 h6 13. h3 a6 14. e4 dxe4 15. Nxe4
Nxe4 16. Qxe4 Re8 17. Rfe1 1-0

[Event "AUTO-OPEN-1591"]
[Site "http://www.queenalice.com/game.php?id=675900"]
[Date "2009.11.1"]
[Round "2"]
[White "mat95"]
[Black "RJGF"]
[Result "1-0"]
[WhiteElo "1937"]
[BlackElo "1847"]

1. Nf3 d5 2. d4 Nf6 3. g3 c5 4. Bg2 e6 5. O-O cxd4 6. Nxd4 Bc5 7. e3 O-O 8. Nd2
a6 9. c4 Bxd4 10. exd4 Nc6 11. Nf3 1-0

[Event "AUTO-OPEN-1591"]
[Site "http://www.queenalice.com/game.php?id=675901"]
[Date "2009.11.1"]
[Round "2"]
[White "RJGF"]
[Black "mat95"]
[Result "0-1"]
[WhiteElo "1861"]
[BlackElo "1923"]

1. d4 Nf6 2. c4 c5 3. e3 g6 4. Nc3 Bg7 5. dxc5 Qc7 6. b4 Nc6 7. Rb1 a5 8. b5 Na7
9. b6 Qxc5 10. bxa7 O-O 0-1

[Event "Challenge"]
[Site "http://www.queenalice.com/game.php?id=707694"]
[Date "2010.1.3"]
[Round "-"]
[White "mat95"]
[Black "falekhine"]
[Result "0-1"]
[WhiteElo "1960"]
[BlackElo "1995"]

1. Nf3 c5 2. c4 b6 3. g3 Bb7 4. Bg2 e6 5. O-O Nf6 6. Nc3 a6 7. d4 cxd4 8. Qxd4
Nc6 9. Qf4 Be7 10. b3 Rc8 11. Bb2 Qc7 12. Qd2 O-O 13. e4 d6 14. Nd4 Nd7 15. f4
d5 16. exd5 Nxd4 17. Qxd4 Bc5 0-1

[Event "Challenge"]
[Site "http://www.queenalice.com/game.php?id=707698"]
[Date "2010.1.3"]
[Round "-"]
[White "mat95"]
[Black "falekhine"]
[Result "0-1"]
[WhiteElo "1945"]
[BlackElo "2064"]

1. Nf3 c5 2. c4 b6 3. g3 Bb7 4. Bg2 e6 5. O-O Nf6 6. d4 cxd4 7. Qxd4 Be7 8. Nc3
Nc6 9. Qf4 Rc8 10. b3 h6 11. Bb2 O-O 12. e4 d6 13. Rad1 a6 14. h3 Qc7 15. Rfe1
Ne5 16. Nxe5 dxe5 17. Qe3 Rcd8 18. f4 Bc5 0-1

[Event "AUTO-ADV-1597"]
[Site "http://www.queenalice.com/game.php?id=707936"]
[Date "2010.1.3"]
[Round "1"]
[White "flopp"]
[Black "mat95"]
[Result "1-0"]
[WhiteElo "1883"]
[BlackElo "1771"]

1. e4 c5 2. Nc3 d6 3. d3 Nc6 4. g3 g6 5. Bg2 Bg7 6. Be3 Nf6 7. h3 O-O 8. Qd2 a6
9. Nge2 b5 10. O-O Bb7 11. Bh6 e5 12. Bxg7 Kxg7 13. f4 Nd7 14. Nd5 Ne7 15. c4 f5
16. b3 Nxd5 17. exd5 Qe7 18. Rae1 Nf6 19. fxe5 dxe5 20. Nf4 Bc8 21. Ne2 1-0

[Event "AUTO-ADV-1597"]
[Site "http://www.queenalice.com/game.php?id=707937"]
[Date "2010.1.3"]
[Round "1"]
[White "mat95"]
[Black "flopp"]
[Result "0-1"]
[WhiteElo "1784"]
[BlackElo "1870"]

1. Nf3 d5 2. d4 c6 3. c4 Nf6 4. e3 Bg4 5. Bd3 Nbd7 6. h3 Bh5 7. Nbd2 e5 8. dxe5
Nxe5 9. Be2 Nxf3+ 10. Nxf3 dxc4 11. O-O Be7 12. Nd4 Bxe2 13. Qxe2 O-O 14. Rd1
Qc7 15. Qxc4 Rad8 16. Qc2 Rd7 17. b3 Rfd8 18. Bb2 c5 19. Nf5 Qc6 0-1

[Event "AUTO-ADV-1597"]
[Site "http://www.queenalice.com/game.php?id=707952"]
[Date "2010.1.3"]
[Round "1"]
[White "mat95"]
[Black "Tlaloc2k"]
[Result "0-1"]
[WhiteElo "1729"]
[BlackElo "1700"]

1. Nf3 d6 2. d4 Nf6 3. g3 h6 4. Bg2 e6 5. O-O g5 6. c4 Nc6 7. Nc3 d5 8. b3 Bg7
9. Bb2 g4 10. Ne5 O-O 11. e4 h5 12. Nxc6 bxc6 13. Qc2 Ba6 14. Na4 Nxe4 15. Nc3
f5 16. Nxe4 dxe4 17. Rfd1 Qg5 18. Bc1 Qg6 0-1

[Event "AUTO-ADV-1597"]
[Site "http://www.queenalice.com/game.php?id=707953"]
[Date "2010.1.3"]
[Round "1"]
[White "Tlaloc2k"]
[Black "mat95"]
[Result "1-0"]
[WhiteElo "1681"]
[BlackElo "1748"]

1. d4 Nf6 2. Nf3 g6 3. Bg5 Bg7 4. Nc3 O-O 5. g3 d5 6. Bg2 Nbd7 7. Ne5 c6 8. O-O
Ne8 9. Nf3 h6 10. Bd2 Nd6 11. Ne5 Nxe5 12. Bf4 Nd7 13. Qd3 e5 14. dxe5 Nxe5 15.
Bxe5 Bxe5 16. f4 Bg7 17. Bf3 Bf5 18. e4 1-0